000 00777nam a2200253Ia 4500
003 OSt
005 20220925212708.0
006 a|||||r|||| 00| 0
007 ta
008 220923b |||||||| |||| 00| 0 eng d
020 _a0043820271
037 _cGeneral Book
040 _aRTL
_cRTL
_beng
041 _2eng
_aeng
082 _aX9(F555):54.1(X).N7, M1
100 _aHallwood Paul
_9277201
245 0 _aOil debt and development
_b OPEC in the third world
260 _aLondon
_bAllen and Unwin UK
_c1981
300 _ax, 206p. Bib p. 192-98
_ccm.
650 _aPetroleum Industry
700 _a Sinclair Stuart W
_9136605
942 _hX9(F555):54.1(X).N7, M1
_cGB
_2CC
999 _c560981
_d560981